| 000 | 00461nam a22001697a 4500 | ||
|---|---|---|---|
| 999 |
_c172558 _d172558 |
||
| 005 | 20200207101305.0 | ||
| 010 | _aA-678156 | ||
| 020 |
_a8171210902 _c75.00 |
||
| 035 | _aA-678156 | ||
| 037 | _bBPPD/Pub. | ||
| 082 | _aک | ||
| 245 |
_aنماہندہ اردو افسانے / _cقمر رہیس |
||
| 246 |
_aNumainda Urdu Afsane / _bby Qamar Raees |
||
| 260 |
_aDelhi _bUrdu Academy _c1994 ء |
||
| 300 |
_a426p. _c21cm(Hb) |
||
| 942 |
_2ddc _cUR _hک _mق م ر |
||